Counterexamples in topology

Guardat en:
Dades bibliogràfiques
Autors principals: Steen, Lynn Arthur (Autor), Seebach, J. Arthur (Autor)
Format: Llibre
Idioma:anglès
Publicat: Nueva York Springer-Verlag 1978
Edició:2a. ed
Matèries:
Etiquetes: Afegir etiqueta
Sense etiquetes, Sigues el primer a etiquetar aquest registre!

MARC

LEADER 00000cam a2200000 a 4500
001 UCQ9631
003 CL-VaPUC
008 990112e19780000US |||||||||||||||||eng|d
020 |a 9780387903125 
082 0 4 |a 514.3  |b STE  |2 21 
100 0 |a Steen, Lynn Arthur  |e author  |9 424297 
700 0 |a Seebach, J. Arthur  |e author  |9 424298 
245 1 0 |a Counterexamples in topology 
250 |a 2a. ed 
300 |a 244 p 
942 |c BK 
945 |d 19990112 00:00:00  |a crobeson 
260 |a Nueva York  |b Springer-Verlag  |c 1978 
650 0 |a Espacios topológicos   |9 360015 
650 0 |a Topología general   |9 424243 
650 7 |a EJEMPLOS  |2 CL-VaPUC  |9 379927 
583 |a last modification  |c 20170523 01:22:24  |k Rodrigo Vera 
999 |c 278619  |d 278617 
952 |0 0  |1 0  |4 0  |6 514_300000000000000_STE_1978  |7 0  |8 A  |9 317263  |a BIBMAT  |b BIBMAT  |d 2019-11-20  |i 1319051  |o 514.3 STE 1978  |p 1319051  |r 2025-01-07  |w 2019-11-20  |y BK  |k MAT 
952 |0 0  |1 0  |3 erb  |4 0  |6 514_300000000000000_STE_1978  |7 0  |8 A  |9 317264  |a BIBMAT  |b BIBMAT  |i 5378184  |l 1  |m 1  |o 514.3 STE 1978  |p 5378184  |r 2025-04-16  |s 2025-04-04  |w 2019-11-20  |y BK  |z Catalogado en:20170527  |k MAT 
952 |0 0  |1 0  |3 erb  |4 0  |6 514_300000000000000_STE_1978  |7 0  |8 A  |9 317265  |a BIBMAT  |b BIBMAT  |i 5397863  |o 514.3 STE 1978  |p 5397863  |r 2025-01-07  |w 2019-11-20  |y BK  |z Catalogado en:20170616  |k MAT